000 00237nam a2200097Ia 4500
001 640803
005 20250826153454.0
008 250824s9999 xx 000 0 und d
245 0 _aHANOĞLU
_cAHMET YILMAZ BOYUNAĞA
260 _bGENÇ TİMAŞ
999 _c640803
_d640803